000 00660nam a2200241Ia 4500
003 OSt
005 20220925230513.0
006 a|||||r|||| 00| 0
007 ta
008 220923b |||||||| |||| 00| 0 eng d
020 _a0297784269
037 _cGeneral Book
040 _aRTL
_cRTL
_beng
041 _2eng
_aeng
082 _aWA, M5
100 _aMinogue Kenneth
_980080
245 0 _aAlien powers
_b The pure theory of ideology
260 _aLondon
_bWeidenfeld and Nicolson
_c1985
300 _avii, 255p
_ccm.
650 _aNon-Violence
_9244472
942 _hWA, M5
_cGB
_2CC
999 _c585762
_d585762